000 00536nam a2200193Ia 4500
003 GCL
008 140319s9999 xx 000 0 eng d
020 _a0321214198
040 _aGCL /
_cGCL
082 0 4 _a005.3
_bP M
100 1 _aPAGE, KHRISTINE ANNWN
245 1 0 _aMACROMEDIA DREAMWEAVER MX 2004 /
_cPAGE, KHRISTINE ANNWN
260 _aنيويورك :
_bMACROMEDIA PRESS ،
_c2004
300 _a28 CM ؛
_c579 P
650 0 4 _aCOMPUTER SOFTWARE
650 0 4 _aCOMPUTER PROGRM
650 0 4 _aDREAMWEAVER MX 2004
942 _2ddc
_cBK
999 _c7274
_d7274